LEADER 01575nam2 2200313 i 450 001 BVEE019103 005 20170908093208.0 012 $aa-mi atli e-en Enfr (3) 1565 (Q)$2fei$9Vol. 3. Per la data cfr VD B1655 100 $a20170620d1565 ||||0itac50 ba 101 | $alat 102 $ach 181 1$6z01$ai $bxxxe 182 1$6z01$an 200 1 $a˜\3!: Petri Bembi œInsignia, quotquot extant, opuscula. Nempe, De imitatione libellus. ... De Aetna dialogus. De culice Vergilij, & Terentij fabulis. Carminum libellus 210 $d\1565! 215 $a230, \26! p 300 $aPer l'anno ed il tipografo, Thomas Guarin, cfr. VD B1655 300 $aSegn.: 3a-3q⁸ 316 $av. 3 (legato con il v. 2)$5IT-NA0079, V.F. 123 F 24 461 1$1001BVEE019097$12001 $aQuaecunque vsquam prodierunt, opera, in vnum corpus collecta, & ad postrema autoris recognitionem diligentissimè elaborata, ... Cum rerum & uocum memorabilium indice, ...$v3 620 $dBasilea$3BVEL000292 700 1$aBembo$b, Pietro$3CFIV048916$4070$039289 801 3$aIT$bIT-NA0079$c20170620 850 $aIT-NA0079 912 $aBVEE019103 950 2$aBiblioteca Nazionale Vittorio Emanuele III$bv. 2-3$cv. 2-3$d BNV.F. 123 F 24$e BNVA10015738465 G (0002 v. 3 (legato con il v. 2)$fC $h20170525$i20170525 977 $a BN 996 $aInsignia, quotquot extant, opuscula. Nempe, De imitatione libellus. ... De Aetna dialogus. De culice Vergilij, & Terentij fabulis. Carminum libellus$91480242 997 $aUNISANNIO